Quizzes
Events
Quiz Creation
Community
Videos
Private Events
Remove Ads
Sign In
Join for FREE
Feedback
Dark Mode
Quiz Categories
Sports
Geography
Music
Movies
Television
Just For Fun
Miscellaneous
History
Literature
Language
Science
Gaming
Entertainment
Religion
Holiday
For Kids
Quiz Lab
Recent
Popular Today
Quiz Kudos Today
Editor Picks
Curator Picks
Quizzes by...
Day
Popularity
Type
Ratings
Length
Year
Community
Subscriptions
Recent Discussions
Orange Saloon
Badges
Playlists
Quests
Create
Leaderboards
Showdown
Live 5
Trivia Bingo
Activity
Puzzle Library
Sporcle Events
Private Events
Virtual Trivia
Globe League
Become a Host
Pub Owners
SporcleCon
Opinionation
Our Games
Videos
Blog
Mobile Apps
Partnerships
Remove Ads and Go Orange
Feedback
History
US Presidents
World Leaders
Politics
Nation
Discovery
War
Decade
Year
Century
Biography
Art
History
US Presidents
World Leaders
Politics
Nation
Discovery
War
Decade
Year
Century
Biography
Art
Random Quiz
Search Sporcle
×
Quiz Lab
Quiz Lab
History
World
Type in answers that appear in a list
Type in answers that appear in a list
Classic
Best Score? Go Orange.
Firearms of World War 2 Stats
Can you name the Firearms of World War 2??
By
Zillamaster55
5m
20 Questions
1,084 Plays
1,084 Plays
1,084 Plays
Comments
Comments
Give Quiz Kudos
Give Quiz Kudos
-
- Ratings
hide this ad
Replay
Link that replays current quiz
Next Quiz
Link to next quiz in quiz playlist
You Got
0%
They Got
Avg Score
86%
Avg Friend Score
Upgrade to see
Score Distribution
Jump to the score distribution portion of the page
Score
0/20
Timer
05:00
1
Play Today
Model
Nation of Origin
% Correct
STG-
44
Nazi Germany
98.9%
K98k
Nazi Germany
98.9%
P38
Nazi Germany
98.9%
M1 Carbine
United States of America
98.5%
BAR
United States of America
98.5%
PPSH-
41
Soviet Union
97.9%
Mosin-
Nagant M91/
30
Soviet Union
97.9%
Arisaka Type 38
Japan
97%
Bren
United Kingdom
94%
Sten Mk2
United Kingdom
94%
Model
Nation of Origin
% Correct
Hanyang Type 88
Republic of China
87.7%
MAS 36
France
82.8%
Breda 30
Italy
82.1%
wz.35 Vis
Poland
76.8%
Blyskawica
Poland
76.8%
M1 Garand
Canada
76.5%
Krag Jørgensen M1894
Norway
70.5%
Suomi M31
Finland
70.4%
Owen Gun
Australia
67.6%
vz. 24
Czechoslovakia
65%
Quiz Playlist
Details
Report
Send in Message
Add To Playlist
Classic:
Type in answers that appear in a list
Last Updated: Feb 16, 2017
Quiz Scoreboard
CHALLENGE
Sign Up to Join the Scoreboard
Show All
Scores
Hide
Comments
May contain spoilers
Recently Published
Movies - When Are They Set?
by FPL_Elf
Movies
5m
Popular People in 1961
by mucciniale
History
6m
1-10 Letter E Words III
by El_Dandy
Language
2m
More to Explore
Quiz From the Vault
Featured Blog Post
Where Did the Easter Bunny Come From?
hide this ad
You Might Also Like...
Tags
Nation Quiz
War Quiz
World Quiz
firearm
model
origin
Today's Top Quizzes in History
Browse History
hide this ad
Today's Top Quizzes in World
Browse World
Top Contributed Quizzes in History
1
Popular People in 1991
2
Popular People in 1981
3
Popular People in 1951
4
Popular People in 1941
5
Popular People in 1986
6
Popular People in 1976
7
Popular People in 1921
8
I Am Born On March 28th
9
Popular People in 1946
10
Popular People in 1936
Explore More
Trending Topics
Anime
Disney
NBA
Crossword
Marvel
Harry Potter
Kpop
Soccer
Country
Pokémon
Song
Puzzle
NFL
The Office
WWE
hide this ad
More By:
Zillamaster55
Quiz
Plays
Rating
Category
Featured
Created
Firearms of World War 2
1,084
2.67
History
Jun 13, 2013
Go to Creator's Profile
Score Distribution
Quiz Creator Spotlight
Zillamaster55
Follow
Send a Message
Quizzes Created
-
Created Quiz Play Count
-
More By This Creator
Popular Quizzes Today
1
Find the Countries of Europe - No Outlines Minefield
2
Find the US States - No Outlines Minefield
3
The Countries of the World
4
Popular People in 1961
5
US States
6
1-10 Letter E Words III
7
Find the US States
8
One Thing in Common: World Cities II
More History Quizzes
World Leaders in 1990
Editor's Pick
Trending Quizzes
Risky Map Clicking: Least Populous States A-Z
1-10 Letter F Words
1-10 Letter G Words
One Thing in Common: United Kingdom
Risky Map Clicking: Next State Alphabetically
Recently Updated
Leaping Animals
pecheneg
Reality TV Shows (A-Z)
bhenderson79
Rickey Henderson's Hall of Fame Teammates
pecheneg
Champions League XIs: Arsenal
pecheneg
Quick Pick: Celebrities in WWE's Hall of Fame
aduchscher
A-Z Keypad Blitz II
pecheneg
Multiple Oscar Actors
pecheneg
Mystery Phrase Blitz: Oscar 'Best Actors'
pecheneg
F. Scott Fitzgerald Novels
LTH
Pick 3 Villains
ddd62291
Trending Topics
Crossword
Kpop
Anime
Marvel
Harry Potter
NBA
Disney
Song
NFL
Soccer
WWE
Pokémon
Country
Puzzle
The Office
Your Account Isn't Verified!
In order to create a playlist on Sporcle, you need to verify the email address you used during registration. Go to your
Sporcle Settings
to finish the process.
Report this User
Report this user for behavior that violates our
Community Guidelines
.
Details:
Send Report
Go to the Sporcle.com Mobile Site →
Comments